|
|
|
|
| LEADER |
00000cam a2200000 c 4500 |
| 001 |
359443788 |
| 003 |
DE-627 |
| 005 |
20250731030042.0 |
| 007 |
tu |
| 008 |
030120s2003 gw ||||| m 00| ||ger c |
| 015 |
|
|
|a 03,N05,1401
|2 dnb
|
| 016 |
7 |
|
|a 965950166
|2 DE-101
|
| 020 |
|
|
|a 3631500939
|c Pb. : ca. EUR 37.80 (freier Pr.)
|9 3-631-50093-9
|
| 035 |
|
|
|a (DE-627)359443788
|
| 035 |
|
|
|a (DE-576)103033777
|
| 035 |
|
|
|a (DE-599)GBV359443788
|
| 035 |
|
|
|a (OCoLC)231970216
|
| 035 |
|
|
|a (OCoLC)52192475
|
| 040 |
|
|
|a DE-627
|b ger
|c DE-627
|e rakwb
|
| 041 |
|
|
|a ger
|
| 044 |
|
|
|c XA-DE
|c XA-CH
|c XA-BE
|
| 050 |
|
0 |
|a KJC7
|
| 084 |
|
|
|a 19
|2 sdnb
|
| 084 |
|
|
|a 50
|2 sdnb
|
| 084 |
|
|
|a 33
|2 sdnb
|
| 084 |
|
|
|a 17
|2 sdnb
|
| 084 |
|
|
|a 50
|a 19
|2 sdnb
|
| 084 |
|
|
|a PD 3180
|q BVB
|2 rvk
|0 (DE-625)rvk/135161:
|
| 084 |
|
|
|a PH 6104
|q BVB
|2 rvk
|0 (DE-625)rvk/136218:405
|
| 084 |
|
|
|a 86.35
|2 bkl
|
| 084 |
|
|
|a 86.64
|2 bkl
|
| 100 |
1 |
|
|8 1\p
|a Markowetz, Klaus
|d 1974-
|0 (DE-588)124538479
|0 (DE-627)706658779
|0 (DE-576)294221549
|4 aut
|
| 109 |
|
|
|a Markowetz, Klaus 1974-
|
| 245 |
1 |
0 |
|a Doping
|b haftungs- und strafrechtliche Verantwortlichkeit
|c Klaus Markowetz
|
| 263 |
|
|
|a Pb. : ca. EUR 37.80 (freier Pr.)
|
| 264 |
|
1 |
|a Frankfurt am Main [u.a.]
|b Lang
|c 2003
|
| 300 |
|
|
|a 222 S
|c 21 cm
|
| 336 |
|
|
|a Text
|b txt
|2 rdacontent
|
| 337 |
|
|
|a ohne Hilfsmittel zu benutzen
|b n
|2 rdamedia
|
| 338 |
|
|
|a Band
|b nc
|2 rdacarrier
|
| 490 |
1 |
|
|a Europäische Hochschulschriften
|a Reihe 2, Rechtswissenschaft = Droit = Law
|v 3540
|
| 502 |
|
|
|a Zugl.: Salzburg, Univ., Diss., 1999-2000
|
| 583 |
1 |
|
|a Archivierung prüfen
|c 20250503
|f DE-640
|z 2
|2 pdager
|
| 655 |
|
7 |
|a Hochschulschrift
|0 (DE-588)4113937-9
|0 (DE-627)105825778
|0 (DE-576)209480580
|2 gnd-content
|
| 689 |
0 |
0 |
|d g
|0 (DE-588)4011882-4
|0 (DE-627)104704861
|0 (DE-576)208896155
|a Deutschland
|2 gnd
|
| 689 |
0 |
1 |
|d s
|0 (DE-588)4126002-8
|0 (DE-627)105735701
|0 (DE-576)209581395
|a Doping
|2 gnd
|
| 689 |
0 |
2 |
|d s
|0 (DE-588)4116364-3
|0 (DE-627)105807273
|0 (DE-576)20950093X
|a Schadensersatzanspruch
|2 gnd
|
| 689 |
0 |
3 |
|d g
|0 (DE-588)4043271-3
|0 (DE-627)10420317X
|0 (DE-576)209054964
|a Österreich
|2 gnd
|
| 689 |
0 |
|
|5 DE-101
|
| 689 |
1 |
0 |
|d g
|0 (DE-588)4011882-4
|0 (DE-627)104704861
|0 (DE-576)208896155
|a Deutschland
|2 gnd
|
| 689 |
1 |
1 |
|d s
|0 (DE-588)4126002-8
|0 (DE-627)105735701
|0 (DE-576)209581395
|a Doping
|2 gnd
|
| 689 |
1 |
2 |
|d s
|0 (DE-588)4057795-8
|0 (DE-627)106149458
|0 (DE-576)209123737
|a Strafrecht
|2 gnd
|
| 689 |
1 |
3 |
|d g
|0 (DE-588)4043271-3
|0 (DE-627)10420317X
|0 (DE-576)209054964
|a Österreich
|2 gnd
|
| 689 |
1 |
|
|5 DE-101
|
| 751 |
|
|
|a Salzburg
|0 (DE-588)4076982-3
|0 (DE-627)104388692
|0 (DE-576)209203730
|4 uvp
|
| 830 |
|
0 |
|a Europäische Hochschulschriften
|n Reihe 2
|p Rechtswissenschaft
|v 3540
|9 3540
|w (DE-627)130134236
|w (DE-576)015671542
|w (DE-600)510544-4
|x 0531-7312
|7 am
|
| 856 |
4 |
2 |
|u https://www.gbv.de/dms/spk/sbb/toc/359443788.pdf
|m V:DE-601
|m B:DE-1
|q pdf/application
|v 2025-07-31
|3 Inhaltsverzeichnis
|7 1
|
| 883 |
|
|
|8 1\p
|a cgwrk
|d 20241001
|q DE-101
|u https://d-nb.info/provenance/plan#cgwrk
|
| 935 |
|
|
|i Blocktest
|
| 936 |
r |
v |
|a PD 3180
|b Sportvereinsrecht, Sportselbstverwaltung, Sportgerichtsbarkeit; hier auch Literatur zum Sportrecht allgemein
|k Rechtswissenschaft
|k Bürgerliches Recht, Privatrecht allgemein
|k Allgemeiner Teil des BGB
|k Juristische Personen; Recht der Personenverbände allgemein
|k Vereine
|k Sportvereinsrecht, Sportselbstverwaltung, Sportgerichtsbarkeit; hier auch Literatur zum Sportrecht allgemein
|0 (DE-627)1270709364
|0 (DE-625)rvk/135161:
|0 (DE-576)200709364
|
| 936 |
r |
v |
|a PH 6104
|b Einzeldarstellungen zum materiellen Strafrecht
|k Rechtswissenschaft
|k Strafrecht, Strafverfahrensrecht, Kriminologie
|k Vergleichendes und ausländisches Straf- und Strafprozessrecht einschliesslich Strafvollzug
|k Ausländisches Recht - Einzelne Länder
|k Mitteleuropa
|k Österreich
|k Österreich
|k Einzeldarstellungen zum materiellen Strafrecht
|0 (DE-627)1271952734
|0 (DE-625)rvk/136218:405
|0 (DE-576)201952734
|
| 936 |
b |
k |
|a 86.35
|j Strafrecht: Besonderer Teil
|0 (DE-627)106416731
|
| 936 |
b |
k |
|a 86.64
|j Besonderes Verwaltungsrecht: Sonstiges
|0 (DE-627)181570300
|
| 951 |
|
|
|a BO
|
| ELC |
|
|
|b 1
|
| LOK |
|
|
|0 000 xxxxxcx a22 zn 4500
|
| LOK |
|
|
|0 001 3092422422
|
| LOK |
|
|
|0 003 DE-627
|
| LOK |
|
|
|0 004 359443788
|
| LOK |
|
|
|0 005 20151116135647
|
| LOK |
|
|
|0 008 150728||||||||||||||||ger|||||||
|
| LOK |
|
|
|0 035
|a (DE-21-110)kd137881
|
| LOK |
|
|
|0 040
|a DE-21-110
|c DE-627
|d DE-21-110
|
| LOK |
|
|
|0 689
|a s
|a Doping
|
| LOK |
|
|
|0 689
|a s
|a Sport
|
| LOK |
|
|
|0 852
|z Kein Bestand am IfK; Nachweis für KrimDok
|
| LOK |
|
|
|0 852
|a DE-21-110
|
| LOK |
|
|
|0 852 1
|9 00
|
| LOK |
|
|
|0 935
|a k110
|
| LOK |
|
|
|0 939
|a 28-07-15
|b l01
|
| ORI |
|
|
|a SA-MARC-krimdoka001.raw
|
| TIM |
|
|
|a 100019901003_100020261231
|b 1990-10-03 - 2026
|